Algunos datos sobre la pintura en Puebla en la época colonial (Record no. 4686)

MARC details
000 -CABECERA
campo de control de longitud fija 00999nam a2200277 a 4500
001 - NÚMERO DE CONTROL
campo de control BRCA_4992
005 - FECHA Y HORA DE LA ÚLTIMA TRANSACCIÓN
campo de control 20190320204907.0
008 - DATOS DE LONGITUD FIJA--INFORMACIÓN GENERAL
campo de control de longitud fija 281010s1922----mx-a######---#000-0#spa-#
041 ## - CÓDIGO DE LENGUA
Código de lengua del texto/banda sonora o título independiente spa
044 ## - CÓDIGO DEL PAÍS DE LA ENTIDAD EDITORA/PRODUCTORA
Código MARC del país mx
050 #4 - SIGNATURA TOPOGRÁFICA DE LA BIBLIOTECA DEL CONGRESO
Número de clasificación ND257.P8
Número de documento/Ítem .P43 1922
100 1# - ENTRADA PRINCIPAL--NOMBRE DE PERSONA
Nombre de persona Pérez Salazar, Francisco
9 (RLIN) 7454
245 10 - MENCIÓN DE TÍTULO
Título Algunos datos sobre la pintura en Puebla en la época colonial
Mención de responsabilidad, etc. por Francisco Pérez Salazar.
260 ## - PUBLICACIÓN, DISTRIBUCIÓN, ETC.
Lugar de publicación, distribución, etc. México
Nombre del editor, distribuidor, etc. Sociedad Científica Antonio Alzate
Fecha de publicación, distribución, etc. 1922
300 ## - DESCRIPCIÓN FÍSICA
Extensión p. 217-302
Otras características físicas il.
Dimensiones 22 cm.
500 ## - NOTA GENERAL
Nota general En: Memorias y revista de la Sociedad Científica Antonio Alzate, t.41
500 ## - NOTA GENERAL
Nota general Artículo inventariado por Banco de México como libro
500 ## - NOTA GENERAL
Nota general Estado físico: Encuadernación deteriorada
500 ## - NOTA GENERAL
Nota general D100
650 14 - PUNTO DE ACCESO ADICIONAL DE MATERIA--TÉRMINO DE MATERIA
Término de materia o nombre geográfico como elemento de entrada Pintura
Subdivisión geográfica Puebla (Ciudad)
9 (RLIN) 9262
650 14 - PUNTO DE ACCESO ADICIONAL DE MATERIA--TÉRMINO DE MATERIA
Término de materia o nombre geográfico como elemento de entrada Pintores mexicanos
Subdivisión geográfica Puebla (Ciudad)
9 (RLIN) 12718
650 14 - PUNTO DE ACCESO ADICIONAL DE MATERIA--TÉRMINO DE MATERIA
Término de materia o nombre geográfico como elemento de entrada Pintura colonial
Subdivisión geográfica Puebla (Ciudad)
9 (RLIN) 12719
650 14 - PUNTO DE ACCESO ADICIONAL DE MATERIA--TÉRMINO DE MATERIA
Término de materia o nombre geográfico como elemento de entrada Pintura mexicana
Subdivisión geográfica Puebla (Ciudad)
9 (RLIN) 12720
902 ## - CATALOGADOR
Iniciales GFM
942 ## - ELEMENTOS DE PUNTO DE ACCESO ADICIONAL (KOHA)
Fuente del sistema de clasificación o colocación Library of Congress Classification
Tipo de ítem Koha Libros
Holdings
Estado de retiro Estado de pérdida Estado dañado No para préstamo Localización permanente Ubicación/localización actual Fecha de adquisición Número de inventario Total de préstamos Signatura topográfica completa Código de barras Fecha visto por última vez Precio válido a partir de Tipo de ítem Koha
El ejemplar forma parte de la colección y puede ser consultado según las políticas vigentes.       Biblioteca del Museo Franz Mayer (Rogerio Casas-Alatriste) Biblioteca del Museo Franz Mayer (Rogerio Casas-Alatriste) 28/10/2010 D100   ND257.P8 .P43 1922 (D100) 5076 22/03/2019 22/03/2019 Libros